000 00705nam a2200193 a 4500
008 090326s2000 ||||||||||||||||| || u
020 _a1857754263
050 _aRC 46 Cli
100 _aGrimshaw, Jeremy
245 1 0 _aClinical guidelines: from conception to use
_cedited by Martin Eccles and Jeremy Grimshaw
260 _aAdington, OX
_bRadcliff Medical P
_c2000
300 _a120p.
350 _a0.00
650 _aMEDICINE
650 _aCLINICAL MEDICINE--STANDARDS
650 _aMEDICAL PROTOCOLS
700 _aEccles, Martin
995 _D0.00
_FCBU-MAIN LIBRARY (Kitwe)
_H1
_I0.00
_M1
_UAVAILABLE
_WJun 25, 2009
_ZAnnex Low-Usage Collection
999 _c37604
_d37604